<?xml version="1.0" encoding="UTF-8"?>
<collection xmlns="http://www.loc.gov/MARC21/slim">
 <record>
  <leader>00503pamaa2200181   4500</leader>
  <controlfield tag="001">0000012125</controlfield>
  <controlfield tag="005">20100721090000.0</controlfield>
  <datafield tag="020" ind1="0" ind2="0">
   <subfield code="a">0538839252 </subfield>
  </datafield>
  <datafield tag="082" ind1=" " ind2=" ">
   <subfield code="a">658.3 SHE</subfield>
  </datafield>
  <datafield tag="090" ind1="0" ind2="0">
   <subfield code="a">HF5549 </subfield>
   <subfield code="b">SHE 1996</subfield>
  </datafield>
  <datafield tag="100" ind1="1" ind2="0">
   <subfield code="a">Sherman </subfield>
  </datafield>
  <datafield tag="245" ind1="1" ind2="0">
   <subfield code="a">Managing human resources  </subfield>
   <subfield code="c">Arthur Sherman, George Bohlander and Scott Snell.</subfield>
  </datafield>
  <datafield tag="250" ind1="0" ind2="0">
   <subfield code="a">10th ed..</subfield>
  </datafield>
  <datafield tag="260" ind1="0" ind2="0">
   <subfield code="a">Ohio: </subfield>
   <subfield code="b">South Western, </subfield>
   <subfield code="c">1996.</subfield>
  </datafield>
  <datafield tag="300" ind1=" " ind2=" ">
   <subfield code="a">xxvii, 798p.: </subfield>
   <subfield code="b">26cm.</subfield>
  </datafield>
  <datafield tag="650" ind1="0" ind2="0">
   <subfield code="a">Personnel management </subfield>
  </datafield>
  <datafield tag="700" ind1="1" ind2="1">
   <subfield code="a">Bohlander, </subfield>
   <subfield code="h">George </subfield>
  </datafield>
  <datafield tag="700" ind1="1" ind2="1">
   <subfield code="a">Snell, </subfield>
   <subfield code="h">Scott </subfield>
  </datafield>
 </record>
</collection>
